|
|
|
|
| LEADER |
01454nam a2200409 a 4500 |
| 001 |
nkc20071721491 |
| 003 |
CZ PrNK |
| 005 |
20100830143108.0 |
| 007 |
ta |
| 008 |
070528s2007 xr e p 000 0 cze |
| 015 |
|
|
|a cnb001721491
|
| 020 |
|
|
|a 978-80-86730-10-3
|q (brož.)
|
| 035 |
|
|
|a (OCoLC)187296591
|
| 040 |
|
|
|a OLA001
|b cze
|d ABA001
|
| 072 |
|
7 |
|a 51
|x Matematika
|2 Konspekt
|9 13
|
| 072 |
|
7 |
|a 37.016
|x Učební osnovy. Vyučovací předměty. Učebnice
|2 Konspekt
|9 22
|
| 080 |
|
|
|a 51
|2 MRF
|
| 080 |
|
|
|a (075.8)
|2 MRF
|
| 100 |
1 |
|
|a Hrach, Karel,
|d 1968-
|7 jo2003190654
|4 aut
|
| 245 |
1 |
0 |
|a Matematika pro ekonomy /
|c [Karel Hrach]
|
| 250 |
|
|
|a Vyd. 1.
|
| 260 |
|
|
|a Praha :
|b Vysoká škola ekonomie a managementu,
|c 2007
|
| 300 |
|
|
|a 103 s. ;
|c 30 cm
|
| 490 |
1 |
|
|a Studijní texty
|
| 500 |
|
|
|a Terminologický slovník
|
| 504 |
|
|
|a Obsahuje bibliografii
|
| 650 |
0 |
7 |
|a matematika
|7 ph117231
|2 czenas
|
| 650 |
0 |
9 |
|a mathematics
|2 eczenas
|
| 655 |
|
7 |
|a učebnice vysokých škol
|7 fd133772
|2 czenas
|
| 655 |
|
9 |
|a textbooks (higher)
|2 eczenas
|
| 810 |
2 |
|
|a Vysoká škola ekonomie a managementu.
|t Studijní texty
|0 s
|
| 856 |
4 |
1 |
|u http://www.digitalniknihovna.cz/mzk/uuid/uuid:c58f8ff0-4f78-11e8-afec-005056827e51
|y Digitalizovaný dokument
|x NDK
|
| 910 |
2 |
|
|a BOA001
|b 3-1187.554
|
| 990 |
|
|
|a BK
|
| 995 |
|
|
|a 01
|
| 991 |
|
|
|b 200706
|c NOV
|
| 996 |
6 |
|
|b 2610312777
|c 3-1187.554
|l MZK
|r Sklad / do 1 hodiny
|n 0
|p p.v.
|w 000853288
|u 000010
|a 1
|e BOA001
|j MZK50
|s P
|